=LDR 00000nam 2200000 4500 =001 NUTBA000000000000237 =005 20140319095541.0 =006 =007 =008 =035 ##$$a 0010-031400000000236 =040 ##$$a Ind =090 ##$$a 828.83$bOna h =100 ##$$a Mairi O'nair =245 ##$$a The house on the hill$cMairi O'nair =260 ##$$a London$bMills & Boon Ltd$c1953 =300 ##$$a 230 Hlm$c28 cm. =850 ##$$a NBPNMAT =990 ##$$a 00084384 =990 ##$$a 90555/BPAP-NTB/2014